00535nam a2200181 a 450000100100000000500170001000800410002702000150006804000250008308200150010824000310012324500590015426000460021330000280025949000200028770000260030783000200033300003649920200930075751.0120118s1999 sp a 000 0 spa d a848403500X aDO-SdBNPbspacBNPHU axxxxbH88800aFarbergé egsslEspañol00aHuevos Fabergé. /ctraductor Javier Alfonso López. aMadrid, España :bEdimat Libros,c1999. a64 p. :bils. ;c21 cm.1 aEstilo del arte1 aAlfonso López,etr. 0aEstilo del arte